00712cam a2200205 a 4500008004100000020002200041050001900063100001800082245003000100260006100130300002800191440003000219500009300249500004000342504004100382651005600423003000100479005001700480040000900497  a185715049X (hbk.)00aPR6019.O9bJOY1 aJoyce, James.10aDubliners /cJames Joyce. aNew York :bKnopf :bDistributed by Random House,c1991. alxvii, 287 p. ;c21 cm. aEveryman's library ;v49. a"The corrected text by Robert Scholes in consultation with Richard Ellmann"--T.p. verso. aIntroduction signed: John S. Kelly. aIncludes bibliographical references. 0aDublin (Ireland)xSocial life and customsxFiction.20230123134227.0 cNUST